Cities of Linn County, Iowa - Statistics

General Stats
  • This quiz has been taken 4 times
  • The average score is 12 of 18
Answer Stats
Cities % Correct
1 Cedar Rapids
100%
3 Hiawatha
100%
4 Mount Vernon
100%
5 Robins
100%
12 Central City
75%
2 Marion
75%
10 Palo
75%
13 Springville
75%
16 Alburnett
50%
17 Bertram
50%
7 Center Point
50%
14 Coggon
50%
8 Ely
50%
6 Fairfax
50%
9 Lisbon
50%
15 Walker
50%
18 Prairieburg
25%
11 Walford
25%
No matching quizzes found
Score Distribution
Percent of People with Each Score
Percentile by Number Answered
Your Score History
You have not taken this quiz